Words Without A, E, I, O, U, or Y. - Statistics

General Stats
  • This quiz has been taken 11 times
  • The average score is 9 of 22
Answer Stats
Answer % Correct
Sh
70%
Brr
50%
Brrr
50%
Hm
50%
Mm
50%
Pht
50%
Psst
50%
Tsk
50%
Crwth
40%
Pfft
40%
Phpht
40%
Shh
40%
Tsks
40%
Tsktsk
40%
Zzz
40%
Crwths
30%
Cwm
30%
Hmm
30%
Nth
30%
Pst
30%
Tsktsks
30%
Cwms
20%
No matching quizzes found
Score Distribution
Percent of People with Each Score
Percentile by Number Answered
Your Score History
You have not taken this quiz